|
|
|
|
| LEADER |
01415nam a22002897a 4500 |
| 001 |
37756 |
| 003 |
BD-DhAAL |
| 005 |
20240929132703.0 |
| 008 |
220217t2004 ii ||||| b||| 001 0 eng d |
| 040 |
|
|
|a BD-DhAAL
|
| 082 |
|
|
|a 370.15
|2 22
|
| 100 |
|
|
|a Hughes, Arthur George,
|d 1890-
|9 45874
|
| 245 |
|
|
|a Learning and teaching :
|b an introduction to psychology and education /
|c A G Hughes and Ethel Hilda Hughes
|
| 264 |
|
|
|a India :
|b Surjeet publication,
|c 2004 [reprinted].
|
| 300 |
|
|
|a ix, 444 pages ;
|c 18 cm.
|
| 500 |
|
|
|a "First published 1937, reprinted by novographic process February 1938 and October 1938."
|
| 504 |
|
|
|a "References for reading" and "Additional references" at end of each chapter except the first and last. "A short list of reference books": p. 443. "A short list of educational classics": p. 444.
|
| 541 |
|
|
|a Complimentary copy from BIED
|e 37756
|
| 650 |
|
|
|a Education
|x Study and teaching.
|9 45875
|
| 650 |
|
|
|a Educational psychology.
|9 45876
|
| 650 |
|
|
|a Education.
|9 45877
|
| 650 |
|
|
|a Teaching.
|9 45878
|
| 700 |
|
|
|a Hughes, Ethel Hilda,
|d 1891-
|9 45879
|
| 852 |
|
|
|a Ayesha Abed Library
|c BIED Collection
|
| 942 |
|
|
|2 ddc
|c BK
|
| 999 |
|
|
|c 43530
|d 43530
|
| 952 |
|
|
|0 0
|1 0
|2 ddc
|4 0
|6 370_150000000000000_HUG
|7 0
|9 69827
|a BRACUL
|b BRACUL
|c GEN
|d 2022-02-17
|e Complimentary copy from BIED
|l 1
|m 10
|o 370.15 HUG
|p 3010037756
|r 2026-03-30
|s 2026-02-01
|t 1
|w 2022-02-17
|y BK
|x Transferred from BIED to General Stacks
|